000 00825cam a22002055a 4500
001 L137692
008 070424s2007 xxkdo f 000 0 eng d
020 _a9781860819599
035 _a(Sirsi) u137692
041 0 _aeng
050 0 4 _a693.82 $2 18
100 1 _aColwell, Sarah
245 0 0 _aBRE135
_bAnnex B
_bperformance criteria and classification method for BS 8414-2: 2005
260 _aWatford
_bBRE
_c2007
300 _a4p.
_c30cm.
520 _aProvides a classification for the test methodology outlined in BS8414-2:2005 Fire performance of external cladding systems - Part 2: Test method for non-loadbearing external cladding systems fixed to and supported by a structural steel frame.
651 4 _aUnited Kingdom
_y
690 _aMANAGEMENT-HEALTH AND SAFETY-FIRE SAFETY-FIRE SAFETY ENGINEERING
942 _n0
999 _c106873
_d106873